Cesta hore

Bibliographic Details
Main Author: Žilková, Marta, 1942- (Author)
Format: Article
Language:Slovak
Subjects:

MARC

LEADER 00000nab a2200000 a 4500
001 vtls000308464
003 SK-MaSNL
005 20260304011447.0
008 111201c1988 xo 0 slo
015 |a SNBRB19rr/mm-uuuuu 
035 |a CL0318585 
040 |a SNKBUCL  |b slo  |c SNKBUCL  |e AACR2 
041 0 |a slo 
044 |a xo  |c SK 
080 |a 7.096  |2 1981 
100 1 |a Žilková, Marta,  |d 1942-  |4 aut  |9 88073 
245 1 0 |a Cesta hore  |c Marta Žilková ; V. Sýkora, Ivan Svetko 
500 |a (Réžia V. Sýkora.) 
610 2 7 |a Československý rozhlas (Bratislava, Slovensko)  |2 snkbucl  |9 124169 
650 0 7 |a Svetko, Ivan  |2 snkbucl  |9 925496 
651 7 |a 5100  |2 snkbucl  |9 166206 
655 7 |a články z novín a časopisov  |2 snkbucl  |9 267496 
773 0 |t Pravda  |g Roč. 69, č. 97 (26. 4. 1988), s. 5 
850 |a Slovenská národná knižnica v Martine  |a MTA001 
852 |a SNK  |b KIS3GCP 
958 |a RK 
992 |a RBX 
999 |c 2566513  |d 2568443